Haikyuu!! Tiles Select Quizz - Statistics

General Stats
  • This quiz has been taken 106 times
    102 since last reset
  • The average score is 28 of 45
Answer Stats
Question Tile Select % Correct
the second year players. Yes
95%
the second year players. No
90%
the players that are the aces of their team. (Before timeskip) Yes
90%
the second year players. No
86%
the Miyagi Prefecture teams. Yes
82%
the players that are the aces of their team. (Before timeskip) No
82%
the players that are the aces of their team. (Before timeskip) No
81%
the Miyagi Prefecture teams. No
78%
the Miyagi Prefecture teams. No
78%
the Miyagi Prefecture teams. Yes
77%
the Miyagi Prefecture teams. No
77%
the players that are the aces of their team. (Before timeskip) No
77%
the second year players. Yes
75%
the Miyagi Prefecture teams. No
75%
the players that are the aces of their team. (Before timeskip) No
75%
the Miyagi Prefecture teams. No
74%
the players that are the aces of their team. (Before timeskip) No
74%
the players that are the aces of their team. (Before timeskip) Yes
74%
the second year players. No
71%
the second year players. No
71%
the players that played against Wakatoshi Ushijima. (Before timeskip) No
71%
the players that played against Wakatoshi Ushijima. (Before timeskip) Yes
70%
the players that played against Wakatoshi Ushijima. (Before timeskip) Yes
70%
the players that played against Wakatoshi Ushijima. (Before timeskip) No
70%
the players that played against Wakatoshi Ushijima. (Before timeskip) No
70%
the players that are the aces of their team. (Before timeskip) Yes
67%
the players that played against Wakatoshi Ushijima. (Before timeskip) No
63%
the second year players. No
62%
the second year players. Yes
56%
the players that are the aces of their team. (Before timeskip) Yes
55%
the Miyagi Prefecture teams. Yes
53%
the third year girls. Yes
53%
the Miyagi Prefecture teams. Yes
48%
the third year girls. No
48%
the third year girls. No
47%
the second year players. Yes
45%
the third year girls. No
45%
the third year girls. No
45%
the third year girls. Yes
34%
the third year girls. Yes
22%
the players that played against Wakatoshi Ushijima. (Before timeskip) Yes
18%
the third year girls. Yes
18%
the players that played against Wakatoshi Ushijima. (Before timeskip) Yes
16%
the third year girls. Yes
15%
the players that played against Wakatoshi Ushijima. (Before timeskip) Yes
10%
No matching quizzes found
Score Distribution
Percent of People with Each Score
Percentile by Number Answered
Your Score History
You have not taken this quiz since the last reset